Human development report 1999 (Record no. 6788)

MARC details
000 -BAŞLIK
Sabit Uzunlukta Kontrol Alanı 00765na a2200253 4500
001 - KONTROL NUMARASI
Denetim Alanı 13590
003 - KONTROL NUMARASI IDENTIFIER
Denetim Alanı MIRAKIL
005 - SON İŞLEM TARİHİ VE ZAMANI
Denetim Alanı 20181213155119.0
008 - SABİT-BOY VERİ ELEMANLARI - GENEL BİLGİLER
Sabit Uzunlukta Kontrol Alanı 161102b tu 000 0
020 ## - ULUSLARARASI STANDART KİTAP NUMARASI
Uluslararası Standart Kitap Numarası 0195215621
035 ## - SİSTEM KONTROL NUMARASI
Sistem Kontrol Numarası 13590
040 ## - KATALOGLAMA KAYNAK
Orijinal Kataloglama Ajansı Milas
Kataloglama Dili tur
Metne Dönüştürmek Ajansı TR-AnCHP
041 ## - DİL KODU
Metin / Ses Parça Veya Ayrı Başlığın Dil Kodu eng
082 ## - DEWEY ONLU SINIFLANDIRMA NUMARASI
Sınıflandırma Numarası 361.614
Ürün Numarası H85 1999
090 ## - SINIFLAMA NUMARASI
Sınıflama Numarası 361.614 H85 1999
245 ## - BAŞLIK TABLOSU
Başlık Human development report 1999
Sorumluluk Tablosu, Vb United Nations Development Programme (UNDP)
260 ## - YAYIN, DAĞITIM, VB
Yayın, Dağıtım, Vb Yeri New York
Yayıncı, Dağıtıcı, Vs Adı United Nations Development Programme
Yayın, Dağıtım, Vb Tarihi 1999
300 ## - FİZİKSEL TANIM
Kapsam 262 s.
Diğer Fiziksel Ayrıntıları tbl.
Boyutlar 28 sm.
504 ## - KAYNAKÇA VB NOT
Kaynakça Vb Notu Kaynakça ve dizin var.
650 ## - KONU KATMA GİRİŞ - TOPİKAL DÖNEM
Topikal Süreli Veya Coğrafi Ad Giriş Elemanı İnsan hakları
Genel Alt Bölümü Raporlar
650 ## - KONU KATMA GİRİŞ - TOPİKAL DÖNEM
Topikal Süreli Veya Coğrafi Ad Giriş Elemanı Toplumsal refah
Genel Alt Bölümü Birleşmiş Milletler
710 ## - KATMA GİRİŞ - KURUMSAL ADI
Giriş Elemanı Olarak Kurumsal Ad Veya Yargı Alanı Adı United Nations Development Programme (UNDP)
942 ## - EKLENDİ GİRİŞ ELEMANLARI (KOHA)
Sınıflandırma Veya Raf Düzeni Kaynak Dewey Decimal Classification
Koha Öğesi Türü Books
999 ## - SİSTEM KONTROL NUMARALARI (KOHA)
Koha Biblionumber 6788
Koha Biblioitemnumber 6788
Holdings
Kalıcı Konum Mevcut Konum Edinme Tarihi Edinim Kaynak Toplam Check-Out'Lar Tam Çağrı Numarası Barkod Tarih Son Görülme İtibaren Geçerli Fiyatlar Koha Öğesi Türü
CHP Kütüphanesi CHP Kütüphanesi 08/15/2016 Bağış   361.614 H85 1999 001023 08/15/2016 08/15/2016 Books